000 00248nam a2200097Ia 4500
008 220204s9999 xx 000 0 und d
082 _a31(540)
_bSTA
245 0 _aState outline of India. 1984
260 _aBombay
_bTata McGraw Hill
_c1984
942 _cBK
999 _c38883
_d38883